000 00836nas a2200277 4500
001 BR0600238
003 BR-BrBNA
005 20231205105801.0
007 ta
008 230509b bl.|||p| |||| 00| 00por d
040 _aBR-BrBNA
_bpor
_cBiblioteca Nacional de Agricultura
041 _a(Pt)
072 _aF61
100 1 _aSilveira, P.M. da
100 1 _aBraz, A.J.B.P.
100 1 _aKliemann, H.J.
100 1 _aZimmermann, F.J.P.
245 1 _aAcumulação de nutrientes no limbo foliar de guandu e estilosantes
650 _aGUANDU
650 _aSTILOSANTE
650 _aABSORÇÃO DE NUTRIENTES
650 _aANÁLISE FOLIAR
773 0 _tPesquisa Agropecuária Tropical (Brazil)
_xISSN 1517-6398
_g(Sep-Dec 2005), v. 35(3) p. 133-138
_wBR0600238
909 _a202311
_bLúcia
_c55
_dLúcia Elande
942 _2AGRIS
_n0
_cANA
999 _c184659
_d184659